| 000 | 00746cam a2200229 i 4500 | ||
|---|---|---|---|
| 001 | 17562684 | ||
| 005 | 20251105171758.0 | ||
| 008 | 121214s2013 nyua 000 0 eng | ||
| 020 |
_a9781455509775 _qhardcover |
||
| 020 | _z9781455509799 (ebook) | ||
| 050 | 0 | 0 |
_aT65 _b.K85 2013 |
| 082 | 0 | 0 |
_a620 _223 |
| 100 | 1 |
_aKuprenas, John, _d1962- |
|
| 245 | 1 | 0 |
_a101 things I learned in engineering school / _cJohn Kuprenas with Matthew Frederick. |
| 250 | _aFirst edition. | ||
| 260 |
_aNew York _bGrand Central Publishing _c2013 |
||
| 300 |
_aca. 202 pages : _billustrations ; _c14 x 19 cm. |
||
| 650 | 0 |
_aEngineering _xStudy and teaching. |
|
| 650 | 0 |
_aCivil engineering _xStudy and teaching. |
|
| 700 | 1 | _aFrederick, Matthew. | |
| 942 |
_2lcc _cBK _n0 |
||
| 999 |
_c8095 _d8095 |
||